[Event "Montreal 6th"]
[Site "Montreal"]
[Date "2005.08.04"]
[Round "2"]
[White "Charbonneau, Pascal"]
[Black "Roussel Roozmon, Thomas"]
[Result "1-0"]
[WhiteElo "2509"]
[BlackElo "2439"]
[Annotator "Huzman,A"]
[PlyCount "89"]
[EventDate "2005.08.03"]
[EventType "tourn"]
[EventRounds "11"]
[EventCountry "CAN"]
[EventCategory "12"]
[SourceTitle "CBM 109"]
[Source "ChessBase"]
[SourceDate "2005.11.14"]
[SourceVersion "1"]
[SourceVersionDate "2005.11.14"]
[SourceQuality "1"]

1. e4 e5 2. Nf3 Nf6 3. Nxe5 d6 4. Nf3 Nxe4 5. Nc3 Nxc3 6. dxc3 Be7 7. Be3 Nc6
8. Qd2 Be6 9. O-O-O Qd7 10. h3 a6 11. Ng5 Bxg5 12. Bxg5 f6 13. Be3 O-O-O 14. b3
(14. Be2 Rhe8 15. b3 Qe7 (15... Kb8 16. Kb2 Bf5 17. Rhe1 h6 18. Bf1 Bh7 19. f3
Re5 20. Bf4 Rxe1 21. Rxe1 Re8 22. Rxe8+ Qxe8 23. Qe2 Ne5 $11 {1/2-1/2 Leko,
P-Adams,M/Miskolc HUN 2005/(40)}) 16. Kb1 d5 17. Rhe1 Qa3 18. Bh5 Re7 19. Qc1
Qxc1+ 20. Kxc1 g6 21. Bg4 Bxg4 22. hxg4 d4 23. cxd4 Nxd4 24. Rh1 Red7 25. Kb2
Nc6 26. Rxd7 Rxd7 27. a4 Ne5 28. f3 $14 {1-0 Rasik,V-Engedal,K/Hamburg 1993/TD
(58)}) 14... h5 {[%csl Rg2,Rh3][%cal Yh5h4]} 15. g3 Rhe8 (15... Rde8 16. Bg2
Bf5 17. c4 Be4 18. f3 Bf5 {[%cal Yc6b4]} 19. Rde1 Re7 $14) 16. Bg2 Bf5 17. c4
Be4 18. f3 Bg6 19. Rhe1 Re7 20. Bf2 (20. Qc3 Rde8 21. c5 d5 $17) 20... Rxe1 21.
Rxe1 Re8 22. g4 (22. Rd1 Re6 23. c5 Qe7 $11) 22... Rxe1+ 23. Qxe1 Kd8 $14 {
White has a small advantage due to his pair of bishops. But Black has no
weaknesses and his position is defendable.} 24. a3 a5 25. Qe2 hxg4 (25... Qe7
26. Qxe7+ Kxe7 27. f4 $14) 26. fxg4 b6 27. g5 $1 {White opens the position for
his bishops and the defence of Black becomes more difficult.} Ne5 (27... fxg5
$5 28. Qd2 (28. Be3 Ne5 29. Bxg5+ Kc8 30. h4 Qf5 $11) 28... Ne5 29. Qxg5+ Kc8
30. Bd4 Qf5 31. Qxf5+ Bxf5 32. h4 g6 $14) 28. gxf6 gxf6 29. Bh4 Qg7 30. Qf2 $14
{/+/-} Ke7 31. a4 Bh7 32. Kb2 Qg6 33. Bd5 Qh6 (33... Qf5 34. Qxf5 Bxf5 35. Bg2
$14) 34. Bg2 Qg6 35. Bg3 Kf7 $2 {Black missed a simple but elegant blow on the
queen's side which will destroy his pawn structure.} (35... Qf5 36. Qd2 Kd7 $14
) 36. c5 $1 {[%mdl 32]} bxc5 37. Bxe5 dxe5 38. Bd5+ Kg7 39. Qxc5 Kh6 40. b4 $1
{The passed pawn on a4 will decide the game now.} (40. Qxc7 Qf5 41. Qc5 (41.
Qc3 Qf2) 41... Kh5 42. b4 axb4 43. Kb3 $16) 40... f5 $4 (40... axb4 41. a5 Qg3
42. Qf8+ Kg5 43. Qxb4 Qf2 44. h4+ Kh5 45. Bf7+ (45. Bb3 Bg6 46. a6 Qa7 47. Qb7
Qd4+ 48. Ka2 Be4 49. Qxc7 Kxh4 50. a7) 45... Bg6 46. Bxg6+ Kxg6 47. a6 $16) 41.
Qc6 $1 $18 Qxc6 42. Bxc6 Bg8 43. bxa5 Bc4 44. Bb7 f4 45. Kc3 1-0

[Event "EU-chT (Men) 15th"]
[Site "Gothenburg"]
[Date "2005.08.07"]
[Round "9.4"]
[White "Hansen, Sune Berg"]
[Black "Docx, Stefan"]
[Result "1-0"]
[WhiteElo "2568"]
[BlackElo "2310"]
[Annotator "Huzman,A"]
[PlyCount "69"]
[EventDate "2005.07.30"]
[EventType "team-swiss"]
[EventRounds "9"]
[EventCountry "SWE"]
[SourceTitle "CBM 109"]
[Source "ChessBase"]
[SourceDate "2005.11.14"]
[SourceVersion "1"]
[SourceVersionDate "2005.11.14"]
[SourceQuality "1"]
[WhiteTeam "Denmark"]
[BlackTeam "Belgium"]
[WhiteTeamCountry "DEN"]
[BlackTeamCountry "BEL"]

1. e4 e5 2. Nf3 Nf6 3. Nxe5 d6 4. Nf3 Nxe4 5. d4 d5 6. Bd3 Nc6 7. O-O Be7 8. c4
Nb4 9. Be2 O-O 10. a3 Nc6 11. cxd5 Qxd5 12. Nc3 Nxc3 13. bxc3 Bf5 14. Re1 Rfe8
15. Bf4 Rac8 16. Nd2 Bf6 (16... Na5 17. Bf3 Qd7 18. Nb3 (18. Nf1 Bd6 19. Rxe8+
Rxe8 20. Bxd6 cxd6 21. Ne3 Be4 22. h3 {1/2-1/2 Adams,M-Kramnik,V/Wijk aan Zee
NED 2005/(22)}) 18... Nxb3 19. Qxb3 b6 20. a4 Bd6 $11 {1/2-1/2 Acs,P-Haba,P/
Pardubice CZE 2003/(56)}) 17. Bf3 Qd7 18. Ne4 Bxe4 19. Rxe4 Rxe4 20. Bxe4 $14 {
Owing the two bishops gives White good chances for an advantage.} Re8 21. Qd3
g6 22. h3 Na5 23. Rb1 c6 (23... b6 $5 24. Qf3 Be7 25. Be5 Bd6 26. Rd1 $36) 24.
Bf3 b6 (24... b5 $5 25. a4 Nc4 $11) 25. Rd1 Rd8 26. d5 $5 cxd5 27. Bxd5 {
Bd5 dominates over Na5.That's why White have clear advantage.} Qa4 28. Qf3 Kg7
29. Qd3 Qb5 {I think this is a mistake in the text of the game.} 30. Qe3 Re8 $4
{[%mdl 8192]} (30... h5 31. Qf3 Nc4 32. g4 $1 hxg4 33. hxg4 {[%csl Rf7][%cal
Gg4g5]} Qc5 (33... Nb2 34. Rd2 Nc4 (34... Na4 35. g5 Bxc3 36. Bc4 $1 Qb1+ (
36... Qe8 37. Rxd8 Qxd8 38. Bb5 $18) 37. Kg2 Rxd2 (37... Bxd2 38. Be5+ $18) 38.
Be5+ $1 $18) 35. Bxc4 Qxc4 36. g5 Be7 37. Be5+ Kg8 38. Qh3 $18) 34. g5 Be7 35.
Rd3 $1 b5 36. Qe4 $1 $40 {[%cal Gf4e5,Gd3h3,Gh3h8,Ge5h8]}) 31. Bh6+ Kh8 32. Qf3
Be5 (32... Bg7 33. Bxg7+ Kxg7 34. Qxf7+ Kh6 35. Rd4 $18) 33. Bxf7 (33. Qxf7 $18
{[%cal Gh6f8]}) 33... Rc8 (33... Rb8 34. Bf4 $1 $18) 34. Be6 Re8 (34... Rb8 35.
Bf4 $1 $18 {[%cal Ga3a4]}) 35. Bd7 1-0

[Event "FRA-ch Pool A"]
[Site "Marseille"]
[Date "2001.08.19"]
[Round "7"]
[White "Degraeve, Jean Marc"]
[Black "Koch, Jean Rene"]
[Result "1-0"]
[WhiteElo "2602"]
[BlackElo "2518"]
[Annotator "Huzman,A"]
[PlyCount "63"]
[EventDate "2001.08.13"]
[EventType "tourn"]
[EventRounds "7"]
[EventCountry "FRA"]
[EventCategory "13"]
[SourceTitle "CBM 085"]
[Source "ChessBase"]
[SourceDate "2001.11.13"]
[SourceVersion "1"]
[SourceVersionDate "2001.11.13"]
[SourceQuality "1"]

1. e4 e5 2. Nf3 Nf6 3. Nxe5 d6 4. Nf3 Nxe4 5. Bd3 d5 6. Qe2 Qe7 7. O-O Nd6 8.
Qd1 Qd8 9. Re1+ Be7 10. Nc3 c6 11. Qe2 Nd7 12. b3 (12. b4 Nf8 13. b5 Ne6 14.
bxc6 bxc6 15. Ne5 Qc7 16. Qf3 (16. Ba3 O-O 17. Rab1 Nf4 18. Qf3 Nxd3 19. Nxd3
Be6 20. Nf4 Nc4 21. Bxe7 Qxe7 22. Re2 Qf6 23. Qg3 Rfe8 24. Nxe6 fxe6 25. Rbe1
Re7 26. Nd1 Rae8 27. d3 Nb6 28. Ne3 $36 {1-0 Georgiev,K-Motylev,A/YUG t-ch
Novi Sad 2000/Ajelibre (61)}) 16... Rb8 17. Ba3 O-O 18. Qg3 Re8 19. Ng4 Kh8 20.
Qe5 (20. Ne5 Kg8 $11) 20... Kg8 21. Re3 $2 (21. Qg3 $11) 21... f5 (21... d4 22.
Bxh7+ (22. Qh5 g6 23. Qe5 h5 24. Nh6+ Kh7 25. Nxf7 Nf5 (25... Nxf7 26. Qxh5+
Kg8 27. Qxg6+ Kf8)) (22. Rh3 f5 (22... Ng5 23. Bxh7+ Kh8 24. Rh6 Bxg4 25. Bxd6
Bxd6 26. Bd3+ Kg8 27. Qxg5 dxc3 28. Rh7 Be5 29. Qxg4 cxd2) 23. Nh6+ gxh6 24.
Rg3+ Kf7 25. Be2 Ng5 26. Bh5+ Kg8 27. Bxe8 Nxe8 28. Qxe7 Qxe7 29. Bxe7 dxc3 30.
Rxc3 $14) 22... Kf8 (22... Kxh7 23. Qh5+ Kg8 24. Rh3 f6 25. Bxd6 $18) 23. Rh3 (
23. Rd3 dxc3 24. Bxd6 Bxd6 25. Rxd6 Ng5 $17) 23... f6 24. Bg6 Nf7 25. Bxe7+
Rxe7 26. Qh5 Nh6 27. Nxh6 Nf4 28. Nf5 $1 Nxh5 29. Rxh5 Kg8 30. Nxe7+ Qxe7 31.
Ne4 Bg4 $17 32. Kh1) 22. Bxd6 (22. Ne2 $1 fxg4 23. Bxh7+ Kxh7 24. Qh5+ Kg8 25.
Bxd6 Bxd6 26. Qxe8+ Nf8 $17) 22... Bxd6 23. Qxf5 Nf8 24. Qg5 Bxg4 25. Qxg4
Bxh2+ 26. Kh1 Bf4 $17 27. Rh3 (27. Rxe8 Rxe8 $17 {[%csl Rd2]}) 27... Bxd2 28.
Ne2 Qe5 29. Rd1 Ba5 (29... Rb4 30. c4 Rb2 31. Rh5) 30. Nd4 $132 Bc7 $2 31. Nxc6
Qe1+ 32. Bf1 Qxf2 33. Rf3 $1 (33. Nxb8 Bb6 $1 34. Be2 Rxe2 35. Qg3 Rd2 36. Rb1
Qxg3 37. Rxg3 Rxc2 $15) 33... Qxc2 34. Rxf8+ (34. Nxb8 Bxb8 35. Rxd5 $16) 34...
Rxf8 35. Ne7+ Kh8 36. Bd3 $4 Qxd3 {0-1 Thipsay,P-Yu Shaoteng/Calcutta 2001/CBM
85_01/[Huzman] (36)}) 12... Nc5 13. Qe5 Ne6 14. Bb2 Bf6 (14... O-O 15. Qg3 $1
$36) 15. Qg3 O-O 16. Ba3 $1 Be7 17. Re5 $36 f5 (17... f6 $1 18. Re2 (18. Bxh7+
Kxh7 19. Qh3+ Kg8 20. Rxe6 Bxe6 21. Qxe6+ Rf7 22. Re1 Nf5 $11) (18. Rh5 f5 $15
{[%csl Rh5]}) 18... f5 19. Qe5 (19. Re5 Ne4 20. Bxe7 Qxe7 21. Qh4 Qd6 (21...
Qxh4 22. Nxh4 Nf4 $11)) 19... Nf7 $1 (19... Rf6 20. Nd4 Nxd4 21. Qxd4 $36) 20.
Qxf5 Neg5 21. Bxe7 (21. Qxh7+ $5 Nxh7 22. Bxe7 Qe8 23. Bc5 Qd8 $11) 21... Bxf5
22. Bxd8 Nxf3+ 23. gxf3 Bxd3 24. cxd3 Raxd8 $44) 18. Rae1 Rf6 $2 (18... Ne4 19.
Nxe4 (19. Bxe4 dxe4 20. Bxe7 Qxe7 21. Nh4 f4 22. Qg4 Qd6 23. R5xe4 Nc5 $17) (
19. Bxe7 Qxe7 20. Bxe4 dxe4 21. Nh4 f4 22. Qg4 Qd6 23. R1xe4 Nc5 $15) 19...
fxe4 20. Bxe7 Qxe7 21. Nd4 Qf6 22. Nxe6 Bxe6 23. Be2 $11) 19. Nd4 Ne4 20. Bxe7
Qxe7 21. Nxf5 $1 Rxf5 22. Nxe4 dxe4 $2 (22... Rxe5 23. Qxe5 dxe4 24. Qxe4 g6
25. Bc4 Kf7 26. Qf4+ Qf6 (26... Kg8 27. Qe5 Kf7 28. Qh8 $18) 27. Qh6 b5 28.
Qxh7+ Kf8 29. Bd3 Nf4 $132) 23. Rxf5 exd3 24. Qxd3 $16 Bd7 25. Rfe5 Rf8 $2 (
25... Re8 26. Qe3 b6 27. f4 Qf8 $16) 26. Qe3 Rf6 27. Qxa7 $18 Qd6 28. Qe3 Nf4
29. Re4 Rf7 30. Qd4 Qh6 31. Qc4 Qf6 $4 (31... Nd5 32. R1e2 $18) 32. Re8+ 1-0

[Event "EU-chT (Men) 15th"]
[Site "Gothenburg"]
[Date "2005.08.03"]
[Round "5.2"]
[White "Cheparinov, Ivan"]
[Black "Pavasovic, Dusko"]
[Result "1/2-1/2"]
[WhiteElo "2634"]
[BlackElo "2566"]
[Annotator "Huzman,A"]
[PlyCount "43"]
[EventDate "2005.07.30"]
[EventType "team-swiss"]
[EventRounds "9"]
[EventCountry "SWE"]
[SourceTitle "CBM 109"]
[Source "ChessBase"]
[SourceDate "2005.11.14"]
[SourceVersion "1"]
[SourceVersionDate "2005.11.14"]
[SourceQuality "1"]
[WhiteTeam "Bulgaria"]
[BlackTeam "Slovenia"]
[WhiteTeamCountry "BUL"]
[BlackTeamCountry "SLO"]

1. e4 e5 2. Nf3 Nf6 3. Nxe5 d6 4. Nf3 Nxe4 5. d4 d5 6. Bd3 Nc6 7. O-O Be7 8. c4
Nb4 9. Be2 Be6 10. c5 Bf6 (10... a5 11. Ne5 $1 (11. Bf4 O-O 12. Nc3 g5 13. Bd2
Nc6 14. Bc1 f5 15. Ne1 b6 16. cxb6 cxb6 17. Nb5 Bf6 18. Nc2 Rc8 19. Re1 Qd7 {
1/2-1/2 Socko,B-Motylev,A/Ohrid 2001/CBM 84 (19)}) (11. a3 Nc6 12. Bb5 O-O 13.
Bxc6 bxc6 14. Ne5 Bf6 15. Bf4 Bd7 16. f3 Ng5 17. Nc3 Rb8 18. Rf2 Ne6 19. Bg3
Re8 $11 {1/2-1/2 Topalov,V-Ye Rongguang/Antwerp 1997/CBM 61 (23)}) 11... f6 12.
Nd3 O-O 13. Nf4 $1 Bf7 14. Bg4 $1 g6 15. Ne6 Bxe6 16. Bxe6+ Kg7 17. a3 Nc6 18.
Nc3 Re8 19. Nxd5 Bxc5 20. dxc5 Rxe6 21. Bf4 Ne5 22. Rc1 $16 {1/2-1/2 Nataf,
I-Topalov,V/Cannes 2002/CBM 88/[Huzman] (33)}) (10... Nc6 11. Bb5 (11. Nc3 O-O
12. Bd3 Ng5 13. Nxg5 Bxg5 14. Be3 Bf6 15. h3 b6 {1/2-1/2 Acs,P-Koziak,V/
Lubniewice POL 2003/(15)}) 11... Bd7 (11... Bf6 12. Bxc6+ (12. Bf4 O-O 13. Bxc6
bxc6 14. Ne5 Qb8 15. Qc1 Bxe5 16. Bxe5 f6 17. Bf4 Ng5 18. b3 $14 {0-1 Adams,
M-Bacrot,E/Cap D'Agde FRA 2003/(64)}) 12... bxc6 13. Qa4 Bd7 14. Bf4 O-O 15.
Nc3 (15. Qa5 $5) 15... Rb8 $1 16. Qxa7 $6 Rxb2 17. Na4 Rb4 $17 {0-1 Al
Modiahki,M-Iordachescu,V/Dubai 2004/CBM 101/[Huzman] (31)}) (11... O-O 12. Bxc6
bxc6 13. Ne5 Qe8 14. f3 f6 15. Nd3 Ng5 16. h4 Nf7 17. Re1 Bf5 18. Qe2 Bxd3 19.
Qxe7 Qxe7 20. Rxe7 Rfe8 $11 {0-1 Bindrich,F-Ilincic,Z/Budapest HUN 2005/(27)})
12. Bxc6 Bxc6 13. Ne5 Bb5 14. Re1 O-O 15. f3 Ng5 16. Nc3 $36 {1-0 Tredinnick,
A-Evans,R/ENG-ch corr8990 1989/CR97-89 (38)}) (10... O-O 11. Qb3 a5 12. a3 Na6
(12... Nc6 13. Qxb7 Bd7 14. Qb3 Bg4 15. Be3 Bf6 16. Qa4 Ne7 17. Nc3 $16 {
0-1 Ngo Dieu Hoa-Pham Le Thao Nguyen/Dong Thap VIE 2003/(56)}) 13. Qxb7 Naxc5
14. dxc5 Nxc5 15. Qc6 d4 16. Bf4 Ra7 $13 {1-0 Pane,A-Venni,A/4 CIM 1988 (39)})
11. Bf4 (11. a3 Nc6 12. b4 Bg4 13. Bb2 O-O 14. Nbd2 Re8 15. h3 Nxd2 16. Qxd2
Bf5 $11 {1/2-1/2 Zhigalko,A-Sakelsek,T/Halkidiki GRE 2003/(59)}) 11... O-O 12.
Ne5 {White tries to prevent the return of Nb4 to c6.} (12. Nc3 Nc6 13. Qa4 Bg4
14. Rad1 Re8 15. Rfe1 Qd7 $11) 12... Bxe5 $1 {But Black gets his way and
transfers the Nb4 to c6 for an attack of the basis of the pawn structure of
White - the pawn d4.} 13. Bxe5 Nc6 14. Bf4 Qf6 (14... Qh4 $5 15. Be3 (15. g3
Qf6 16. Be3 Ne7 $5 $11 {[%cal Ye7f5]}) 15... f5 (15... Ne7 $5 16. Qb3 Nf5 (
16... b6 $132) 17. Qxb7 Nxe3 18. fxe3 Rab8 19. Qxc7 Rxb2 $132) 16. g3 Qf6 17.
f3 Ng5 18. Kh1 Bf7 19. Nc3 Ne6 $5 20. Nxd5 Qd8 21. Bc4 Nexd4 22. Bxd4 Bxd5 23.
Bf6 Qxf6 24. Bxd5+ Kh8 25. Qa4 Qxb2 26. Rab1 Qe5 27. Bxc6 bxc6 28. Qxc6 f4 $132
) 15. Be3 Bf5 16. Nc3 Nxc3 17. bxc3 b6 $132 {Black get rid of his weakness on
b7 and equalizes the game.} 18. Rc1 Na5 (18... bxc5 19. dxc5 Rad8 20. Qa4 Rfe8
(20... d4 21. cxd4 Nxd4 22. Bxd4 Qxd4 23. Qxa7 $16) 21. Qf4 (21. Bb5 Re4 22.
Qa6 Re6 23. Qa4 Be4 $36) 21... Qg6 22. Bb5 Bh3 23. Qg5 $14) 19. Qa4 Rfe8 20.
Rfe1 Re7 21. Bf1 (21. Bb5 Qg6 22. Bf4 Rxe1+ 23. Rxe1 c6 24. Bf1 (24. Be2 Re8
$11) 24... Bd3 $1 $11) 21... Bd7 22. Qd1 (22. Qd1 Nc4 23. Bxc4 dxc4 $11) (22.
Qa3 Nc4 (22... Rae8 23. Bd2 Nc4 24. Bxc4 dxc4 25. Qxa7 Bc6 26. Rxe7 (26. cxb6
Qg5 $1 $19) 26... Qxe7 27. cxb6 Qe2 28. Qxc7 Qxd2 29. Rf1 Be4 30. b7 Qg5 31. f3
Bxf3 $1 32. Rxf3 Re1+ 33. Kf2 Qd2+ 34. Kg3 Qg5+ $11) 23. Bxc4 dxc4 24. d5 Qg6
$132) 1/2-1/2

[Event "EU-chT (Men) 15th"]
[Site "Gothenburg"]
[Date "2005.08.02"]
[Round "4.1"]
[White "Kulaots, Kaido"]
[Black "Pavasovic, Dusko"]
[Result "0-1"]
[WhiteElo "2570"]
[BlackElo "2566"]
[Annotator "Huzman,A"]
[PlyCount "160"]
[EventDate "2005.07.30"]
[EventType "team-swiss"]
[EventRounds "9"]
[EventCountry "SWE"]
[SourceTitle "CBM 109"]
[Source "ChessBase"]
[SourceDate "2005.11.14"]
[SourceVersion "1"]
[SourceVersionDate "2005.11.14"]
[SourceQuality "1"]
[WhiteTeam "Estonia"]
[BlackTeam "Slovenia"]
[WhiteTeamCountry "EST"]
[BlackTeamCountry "SLO"]

1. e4 e5 2. Nf3 Nf6 3. Nxe5 d6 4. Nf3 Nxe4 5. d4 d5 6. Bd3 Nc6 7. O-O Be7 8. c4
Nb4 9. Be2 Be6 10. Nc3 O-O 11. Ne5 c5 12. Nxe4 dxe4 13. d5 Bc8 14. a3 Na6 15.
Qc2 f6 16. Ng4 Qd6 (16... Bd6 17. f4 $1 exf3 18. Bxf3 $16 {1/2-1/2 Topalov,
V-Shirov,A/Moscow 2001/CBM 86/[Huzman] (85)}) (16... f5 17. Ne5 Bf6 18. f4 Re8
19. Bd2 Bxe5 20. fxe5 Rxe5 21. Bc3 $44) (16... Bxg4 $5 17. Bxg4 f5 18. Be2 Bf6
19. Rb1 $14) (16... Nc7 17. f3 exf3 18. Bxf3 Bd6 19. Nf2 f5 20. Nd3 b5 21. Be3
bxc4 22. Nxc5 Qe7 23. Ne6 Nxe6 24. dxe6 Rb8 25. Qxc4 Bxe6 $11 {1-0 Motylev,
A-Mahesh Chandran,P/Calcutta 2002/CBM 88/[Huzman] (67)}) (16... Qc7 17. f3 f5
18. Ne3 f4 19. Ng4 e3 20. Bd3 h5 21. Nxe3 fxe3 22. Bxe3 Bd6 23. f4 Bd7 $13 {
1-0 Fricot,F-Sanfrutos López,F/IECG 2003/Telechess CBM 101 (35)}) 17. f3 f5 18.
Nf2 Bf6 $5 {Black sacrifices a pawn for attack.} 19. fxe4 Be5 (19... Bd4 $6 20.
Kh1 $16) 20. h3 Bd4 21. e5 {White gives the pawn back to neutralize the
initiative of Black.} (21. Kh1 $2 Qg3 $17) 21... Qxe5 22. Kh1 Bd7 (22... f4 $5
23. Nd3 (23. Bd3 $2 Qh5 $40 {[%cal Rf4f3] /\f3}) 23... Bf5 24. Nxe5 Bxc2 25.
Bd3 Bxe5 26. Bxc2 Nc7 $14) 23. Nd3 Qf6 (23... Ba4 24. Qxa4 Qxe2 25. Rf3 $1 $16
{1-0 Anand,V-Shirov,A/Moscow RUS 2001/(44)}) 24. Rb1 (24. Bf4 Rae8 25. Rae1 g5
26. Bd2 f4 $36) 24... g5 $5 {Black continues in developing of his initiative
on the king's side in spite of weakening of the position of Kg8.} 25. b4 b6 (
25... f4 26. bxc5 Bf5 27. Qd1 Rf7 28. Rb3 Nxc5 29. Nxc5 Bxc5 30. Bb2 Qh6 31.
Bg4 Bxg4 32. Qxg4 Re8 $13) 26. Bd2 ({Only the correct regrouping of his pieces
gave White chances for an advantage.} 26. Ne1 $1 f4 27. Nf3 Bf5 28. Bd3 $16)
26... f4 27. Nf2 (27. Ne1 Rae8 28. Bd3 Qh6 29. Nf3 Be3 $36) 27... Bf5 28. Bd3
Rae8 29. Rbe1 Rxe1 30. Bxe1 Nb8 $11 {[%cal Yb8d7,Yd7e5]} 31. Bd2 (31. Ne4 Qg6
32. bxc5 bxc5 33. g4 (33. Bf2 Nd7 34. Bxd4 cxd4 35. c5 Ne5 $17) 33... Qh6 34.
Kg2 Bg6 35. Nd2 Bxd3 36. Qxd3 Nd7 37. Nf3 Ne5 $11) 31... Nd7 32. Bxf5 Qxf5 33.
Qxf5 Rxf5 34. Nd3 b5 $1 {Black seizes the initiative by this strong break.} 35.
g4 Rf8 36. Nxc5 Nxc5 37. bxc5 Bxc5 38. cxb5 Rd8 $15 39. Bb4 (39. a4 Rxd5 40.
Rc1 Kf7 $15) 39... Rxd5 (39... Bxb4 40. axb4 Rxd5 41. Ra1 Rxb5 42. Rxa7 Rxb4
$15) 40. Bxc5 Rxc5 41. a4 Rc4 42. Rd1 Rxa4 43. Rd7 Ra5 44. Rb7 Ra2 45. Kg1 h6
46. Rc7 Ra5 47. Rb7 a6 48. b6 Rb5 49. Kf2 a5 50. Ra7 Rxb6 51. Rxa5 {In my
opinion this endgame is drawish. But the new time control doesn't help in
correct playing in the endgame.} Kg7 52. h4 Kg6 53. hxg5 hxg5 54. Ra3 Kf6 55.
Kf3 Rb5 56. Rc3 Ke5 57. Ra3 Rc5 58. Rb3 Kd4 59. Rb4+ Rc4 60. Rb5 Rc3+ 61. Kf2
Rc5 62. Rb2 Ke5 63. Rb3 Ke4 64. Rb4+ Kd5 65. Rb8 Ke5 66. Rd8 Ke4 67. Re8+ Re5
68. Ra8 Kd4 69. Rd8+ Rd5 70. Re8 Kc5 71. Ra8 Kd6 72. Ra3 Ke5 73. Kf3 Rb5 74.
Rd3 $2 Rb1 75. Ra3 Rg1 $19 76. Ra5+ Kf6 77. Ra6+ Ke7 78. Ke4 Rxg4 79. Ke5 f3
80. Ra7+ Kd8 0-1

[Event "EU-chT (Men) 15th"]
[Site "Gothenburg"]
[Date "2005.08.01"]
[Round "3.2"]
[White "Palac, Mladen"]
[Black "Pavasovic, Dusko"]
[Result "1-0"]
[WhiteElo "2566"]
[BlackElo "2566"]
[Annotator "Huzman,A"]
[PlyCount "87"]
[EventDate "2005.07.30"]
[EventType "team-swiss"]
[EventRounds "9"]
[EventCountry "SWE"]
[SourceTitle "CBM 109"]
[Source "ChessBase"]
[SourceDate "2005.11.14"]
[SourceVersion "1"]
[SourceVersionDate "2005.11.14"]
[SourceQuality "1"]
[WhiteTeam "Croatia"]
[BlackTeam "Slovenia"]
[WhiteTeamCountry "CRO"]
[BlackTeamCountry "SLO"]

1. e4 e5 2. Nf3 Nf6 3. Nxe5 d6 4. Nf3 Nxe4 5. d4 d5 6. Bd3 Nc6 7. O-O Bg4 8.
Re1 Be7 9. c3 f5 10. Qb3 O-O 11. Nbd2 Na5 12. Qa4 (12. Qc2 Nc6 13. b4 a6 14.
Ne5 Nxe5 15. dxe5 Bh4 16. Rf1 Bxf2+ 17. Rxf2 Nxf2 18. Kxf2 Qh4+ 19. Kg1 Qe1+
20. Nf1 f4 21. Bb2 Qxe5 22. c4 Qh5 23. cxd5 $16 {1-0 Karjakin,S-Vasilevich,T/
playchess.com INT 2004 (35)}) 12... Nc6 13. Qb3 Na5 14. Qc2 Nc6 15. b4 a6 16.
Ne5 $1 {This move looks like a serious attempt to get an advantage in this
popular line.} Nxe5 17. dxe5 c5 (17... Bh4 18. Rf1 (18. g3 Bg5 19. Nb3 Bxc1 20.
Raxc1 Qe7 21. Nd4 $14) 18... Bxf2+ 19. Rxf2 Nxf2 20. Kxf2 Qh4+ 21. Kg1 Qe1+ 22.
Nf1 Qxe5 23. Be3 $16) 18. f3 cxb4 (18... Qb6 19. Bxe4 $1 fxe4 20. fxg4 cxb4+
21. Kh1 Qc6 $1 (21... Qc5 22. c4 b5 23. Nb3 Qxc4 24. Qd1 $16) 22. Nb3 (22. Bb2
Rf2 23. Rf1 Raf8 24. Rxf2 Rxf2 25. Rf1 Qc5 26. Qd1 Qe3 $44) (22. Qb3 Qxc3 23.
Qxd5+ Kh8 24. Rb1 e3 25. Rb3 exd2 26. Bxd2 Qc2 27. Bxb4 Qf2 $44) 22... Qxc3 23.
Qxc3 bxc3 24. Be3 b5 25. Rad1 $14) 19. Bxe4 $1 fxe4 20. fxg4 Bc5+ (20... Qc7
21. Qb3 Qxe5 22. Bb2 $16) 21. Kh1 Rf2 (21... Qh4 22. Rf1 Qxg4 23. Qb3 $16) 22.
Qb3 $16 Kh8 23. Nf1 {White neutralizes the initiative of Black by precise play
and his material advantage will be seen.} (23. cxb4 Bd4 24. Rb1 Bxe5 25. Bb2
Bxb2 26. Qxb2 Qb6 27. Rf1 $16) 23... bxc3 24. Qxc3 Qb6 25. Qg3 Rff8 (25... Bd4
26. Be3 Rxf1+ 27. Rxf1 Bxe3 28. Rab1 Qc5 29. Rxb7 $16) 26. Qb3 $1 {[%mdl 4]
The strong pawns d5 and e4 will be blocked and then abolished in the endgame.}
(26. Ne3 Rad8 27. Rd1 Bd4 28. Ba3 Bxe3 29. Rab1 Qh6 30. Bxf8 Rxf8 31. Rxd5 $16)
26... Qxb3 27. axb3 Bd4 (27... d4 28. Ba3 Bxa3 29. Rxa3 e3 30. b4 Rae8 (30...
Rac8 31. Rd3 Rc4 32. Ng3 Rxb4 33. Nf5 $18) 31. Ng3 Rxe5 32. Rd3 $16) 28. Rb1
Bxe5 29. Bb2 $18 Bxb2 30. Rxb2 d4 31. Rd2 Rad8 32. Ng3 e3 33. Rd3 {[%mdl 32]}
h5 34. gxh5 Rd5 35. Kg1 Rc8 36. h3 Rcc5 37. Ne2 Rc2 38. Nf4 Rb5 39. Rxd4 Rxb3
40. Rd8+ Kh7 41. h4 Rc5 42. g4 Rc4 43. g5 g6 44. Red1 1-0

[Event "EU-chT (Men) 13th"]
[Site "Leon"]
[Date "2001.11.10"]
[Round "5.1"]
[White "Kotronias, Vasilios"]
[Black "Arduman, Can"]
[Result "1-0"]
[WhiteElo "2548"]
[BlackElo "2379"]
[Annotator "Huzman,A"]
[PlyCount "73"]
[EventDate "2001.11.06"]
[EventType "team-swiss"]
[EventRounds "9"]
[EventCountry "ESP"]
[SourceTitle "CBM 086"]
[Source "ChessBase"]
[SourceDate "2002.02.05"]
[SourceVersion "1"]
[SourceVersionDate "2002.02.05"]
[SourceQuality "1"]
[WhiteTeam "Cyprus"]
[BlackTeam "Turkey"]
[WhiteTeamCountry "CYP"]
[BlackTeamCountry "TUR"]

1. e4 e5 2. Nf3 Nf6 3. Nxe5 d6 4. Nf3 Nxe4 5. d4 d5 6. Bd3 Bd6 7. O-O O-O 8. c4
c6 9. cxd5 cxd5 10. Nc3 Nxc3 11. bxc3 Bg4 12. Rb1 Nd7 13. h3 Bh5 14. Rb5 Nb6
15. c4 Bxf3 16. Qxf3 dxc4 17. Bc2 Qd7 18. a4 Rfe8 19. Be3 Re7 (19... Rad8 20.
Rfb1 Bc7 21. Be4 (21. Bg5 Qe6 22. Bd2 Rxd4 23. Be3 Nd5 $19 {0-1 Sokolov,
A-Piket,J/Ohrid MKD 2001/(25)}) 21... c3 (21... Nxa4 22. Rd5 Bd6 $2 23. Rh5 $1
g6 24. Rxb7 $16 {1-0 Khalifman,A-Leko,P/New Delhi/Theran 2000/CBM 81/[Huzman] 
(56)}) 22. Rc5 Re7 23. a5 Na4 24. Rd5 Qe8 25. Rxb7 Rxd5 26. Bxd5 Nb2 27. Bb3 h6
28. a6 Nc4 29. Bxc4 Qa4 30. Bd3 g6 31. g3 {1-0 Hilchenko-Borisov,V/Memorial
Ljubomirov corr. 1997 (31)}) (19... Qc6 20. Bxh7+ Kf8 21. Qh5 Nxa4 22. Rf5 $40
{1-0 Kokkila,T-Dempster,D/corr Finjub/IM 1993/CYB 14 (35)}) 20. Rfb1 Rb8 21. a5
Nc8 22. Bf5 Qc7 23. Bg5 (23. Qg4 c3 24. Bxh7+ Kf8 (24... Kxh7 25. Qh4+ Kg8 26.
Rh5 $18) 25. Bc2 g6 26. Bh6+ Kg8 27. Bxg6 {1-0 Bragin,A-Van Praet,J/olm12
corr9198 1991/Corr 2000 (27)}) 23... f6 (23... a6 24. R5b2 Qxa5 25. Bxe7 Nxe7
26. Rxb7 Rxb7 27. Qxb7 $16) (23... Re8 $5) 24. Bd2 a6 25. R5b2 Na7 (25... g6
26. Bxc8 Rxc8 27. Rb6 (27. Rxb7 Qc6 28. Qxc6 Rxc6 29. R7b6 $36) 27... c3 28.
Bxc3 Bh2+ 29. Kh1 Qxc3 30. Qd5+ Kh8 31. Kxh2 $16) 26. Rb6 Nc6 (26... Nb5 27.
R1xb5 Bh2+ 28. Kh1 axb5 29. g3 Bxg3 30. fxg3 Rbe8 31. Rxb5 $16) 27. Qd5+ Kh8
28. Qxc4 $16 g6 29. Bg4 Re4 30. Bc3 Qe7 (30... Nxd4 31. Qd3 Rbe8 (31... Rxg4
32. Bxd4 Rf4 33. Be3 $18) 32. g3 Bc5 33. Rxb7 Qe5 34. R1b2 $14) 31. Bf3 $18 Bc7
(31... Ne5 32. Qd5 Nxf3+ 33. gxf3 Re6 34. Rxb7 Rxb7 35. Rxb7 Qe8 36. Rb6 $18)
32. Bxe4 Qxe4 (32... Bxb6 33. Bxc6 $18) 33. Re1 Qf4 34. g3 Qf5 35. Re3 Qd7 36.
Kg2 Bxb6 37. axb6 1-0